1432 1423 1391 1364 1674 1454 1707 1848 1353 1204 1037 1325 1591 1525 1786 1389 1146 1309 1475 1925 1932 1490 1239 1979 1249 1110 1833 1620 1960 1186 1627 1963 1388 1310 1945 1011 1614 1513 1838 1447 1674 1374 1993 1930 1138 1697 1693 1539 1932 1944 1084 1751 1455 1553 1756 1381 1556 1936 1749 1500 1983 1654 1857 1755 1041 1664 1654 1825 1679 1402 1377 1864 1538 1481 1665 1174 1178 1321 1019 1823 1775 1188 1901 1538 1391 1013 1724 1700 1677 1549 1163 1989 1550 1375 1386 1632 1684 1590 1834 BCNSPRNW ULIB Ver.6.0+V

เปลี่ยนเป็นภาษาไทย

Change to English
 แสดงรายละเอียดบรรณานุกรม
  กลับหน้าหลัก

Brief Record : Get Marc (ISO 2709) : E-mail record : QR code < ปิดหน้าต่าง
LEADER : 00000nam 2200000uu 4500
001    13399114829
003     ULIB
008    020711s|||| th a 000 0 eng d
245    ^aพ่อ...แม่...ฉัน อะไรกันนี่
260    ^a ^bม.ป.ท.,^cม.ป.ป.
945    ^p0^l0^i024507
999    ^aวรรณษา ชูชัยมงคล
รายการนี้ยังไม่มีแท็ก
คุณยังไม่ได้ล็อกอิน คุณสามารถมีกิจกรรมร่วมกับเว็บไซต์ได้ แต่ต้องล็อกอินก่อน ::
  ล็อกอิน

รายการสื่อสารสนเทศ

ลำดับที่ ประเภท เลขเรียก/บาร์โค้ด สถานที่ สถานะ
- ไม่พบข้อมูล -

รายการใกล้เคียง
    ผู้แต่ง []

BibComment


ยังไม่เคยถูกคอมเมนท์

คอมเมนท์ทรัพยากรรายการนี้
  คอมเมนท์: พ่อแม่ฉัน อะไรกั..


 Copyright 2026. Bcnsprnw @Library